000 00520nam a2200181Ia 4500
005 20250508154653.0
008 008 250505s9999 xx 000 0 eng d
037 _aTextual
040 _aFEDL
_beng
_cFEDL
041 _aeng
_2eng
084 _a153.15, HIL
_qFEDL
100 _aHill Winfred F.
245 0 _aLearning : A sruvey of psychological interpretations
260 _aLondon, UK
_bMethuen and Co. Ltd.
_c1963
300 _ax,227p.
942 _cTEXL
_h153.15, HIL
999 _c1351511
_d1351511